00793nam a2200205 a 45000010005000000030010000050050017000150080041000320200018000730400025000910800034001161000029001502450202001792600036003813000020004175000031004376500052004686500031005206500036005511166BR-CuiBMT20231130150229.0230711s2015 mtb 000 0 por d a9788598587509 aBR-CuiBMTcBR-CuiBMT a351.94:336.14822007x(817.2)1 aBarbosa Netto, Guilherme12aEmentas e informativos nos tribunais de contas :binstrumentos de divulgação do pensamento das cortes para uma aproximação com a sociedade /cGuilherme Barbosa Netto, Cleber Araújo Cunha. aCuiabá :bPubliContas,c2015. a102 p. :c22 cm aAutores servidores do TCU. aJurisprudênciaxRedação técnicazBrasil aTribunal de contaszBrasil aTerminologia jurídicazBrasil